Normal view MARC view
  • DAVID, L.HERBERT

Entry Personal Name

Number of records used in: 1

001 - CONTROL NUMBER

  • control field: 90446

003 - CONTROL NUMBER IDENTIFIER

  • control field: NUST

005 - DATE AND TIME OF LATEST TRANSACTION

  • control field: 20220308095710.0

008 - FIXED-LENGTH DATA ELEMENTS

  • fixed length control field: 220308|| aca||aabn | a|a d

040 ## - CATALOGING SOURCE

  • Original cataloging agency: NUST
  • Transcribing agency: NUST

100 ## - HEADING--PERSONAL NAME

  • Personal name: DAVID, L.HERBERT

670 ## - SOURCE DATA FOUND

  • Source citation: Work cat.: (NUST): DAVID, L.HERBERT., MOVING THE EARTH /, 2185.
© 2023 Central Library, National University of Sciences and Technology. All Rights Reserved.